Tehliari zo severu Slovenska si musia pomôcť sami

Neistá budúcnosť troch tehelní na severe Slovenska. Problémy s odbytom, pokles stavebnej produkcie, dovoz tehiel zo zahraničia, pokles tržieb, nevyužité kapacity. Snaha o zvýšenie tržieb v r. 2000 podmienená podporou bytovej výstavby štátom a obmedzením dovozu tehál zo zahraničia. Neistá rekonštrukc...

ver descrição completa

Na minha lista:
Detalhes bibliográficos
Autor principal: Velecký, Milan
Formato: Capítulo de Livro
Idioma:eslovaco
Assuntos:
Tags: Adicionar Tag
Sem tags, seja o primeiro a adicionar uma tag!

MARC

LEADER 00000naa a2200000 4500
001 r038101
005 20230921105318.2
041 0 |a slo 
044 |a SK 
245 1 0 |a Tehliari zo severu Slovenska si musia pomôcť sami  |c Milan Velecký 
520 |a Neistá budúcnosť troch tehelní na severe Slovenska. Problémy s odbytom, pokles stavebnej produkcie, dovoz tehiel zo zahraničia, pokles tržieb, nevyužité kapacity. Snaha o zvýšenie tržieb v r. 2000 podmienená podporou bytovej výstavby štátom a obmedzením dovozu tehál zo zahraničia. Neistá rekonštrukcia tehelne v Ružomberku. 
610 2 0 |a priemysel tehliarsky 
610 2 0 |a výstavba bytová 
610 2 0 |a stavebníctvo 
610 2 0 |a tržby 
610 2 0 |a zisk 
610 2 0 |a Slovensko 
100 1 |a Velecký, Milan